Gestión curricular en las escuelas con tecnologías de la información y comunicación : sistematización de algunas experiencias en Chile (Record no. 166883)

MARC details
000 -CABECERA
campo de control de longitud fija 00802nab a2200229 a 4500
005 - FECHA Y HORA DE LA ÚLTIMA TRANSACCIÓN
campo de control 20210219161941.0
008 - ELEMENTOS DE LONGITUD FIJA--INFORMACIÓN GENERAL
campo de control de longitud fija 991125s1985 mx 000 0 spa u
035 ## - NÚMERO DE CONTROL DEL SISTEMA
Número de control de sistema UPN01000194782
100 1# - ASIENTO PRINCIPAL--NOMBRE PERSONAL
Nombre de persona Ortiz Cáceres, Iván
100 1# - ASIENTO PRINCIPAL--NOMBRE PERSONAL
Filiación ivanortiz@gmail.com
222 ## - TÍTULO CLAVE
Título clave PERFILES EDUCATIVOS
245 ## - MENCIÓN DE TÍTULO
Título Gestión curricular en las escuelas con tecnologías de la información y comunicación : sistematización de algunas experiencias en Chile
260 ## - PUBLICACIÓN, DISTRIBUCIÓN, ETC.
Lugar de publicación, distribución, etc. México
300 ## - DESCRIPCIÓN FÍSICA
Extensión 152-166
362 0# - FECHAS DE PUBLICACIÓN Y/O DESIGNACIÓN SECUENCIAL
Fecha de publicación y/o designación secuencial 2013 3a época, vol. 35, no. 141
653 0# - TERMINO DE INDIZACION - NO CONTROLADO
Término no controlado GESTION EDUCATIVA
653 0# - TERMINO DE INDIZACION - NO CONTROLADO
Término no controlado TICS
653 0# - TERMINO DE INDIZACION - NO CONTROLADO
Término no controlado LIBRO ELECTRONICO
653 0# - TERMINO DE INDIZACION - NO CONTROLADO
Término no controlado PRACTICA DOCENTE
856 1# - LOCALIZACIÓN Y ACCESO ELECTRÓNICOS
Identificador Uniforme del Recurso <a href="http://www.scielo.org.mx/scielo.php?script=sci_arttext&pid=S0185-26982013000300010&lng=pt&nrm=iso&tlng=es">http://www.scielo.org.mx/scielo.php?script=sci_arttext&pid=S0185-26982013000300010&lng=pt&nrm=iso&tlng=es</a>
905 ## - TIPO DE MATERIAL
Tipo de material Articulo

No items available.